[Event "HUN-chT 2324"]
[Site "Hungary"]
[Date "2023.10.28"]
[Round "1.6"]
[White "Szalai, Kornel"]
[Black "Flumbort, Andras"]
[Result "0-1"]
[WhiteElo "2383"]
[BlackElo "2445"]
[PlyCount "72"]
[EventDate "2023.10.28"]
[EventType "team-tourn"]
[EventRounds "9"]
[EventCountry "HUN"]
[SourceTitle "Mega2024 Update 01"]
[Source "Chessbase"]
[SourceDate "2023.11.12"]
[SourceVersion "1"]
[SourceVersionDate "2023.11.12"]
[SourceQuality "1"]
[WhiteTeam "Mako Duocor"]
[BlackTeam "Dunaharaszti"]
[WhiteTeamCountry "HUN"]
[BlackTeamCountry "HUN"]

1. e4 c5 2. Nf3 Nc6 3. g3 g6 4. Bg2 Bg7 5. 0-0 d6 6. c3 e5 7. Na3 Nge7 8. d4 exd4 9. cxd4 cxd4 10. Nb5 Bg4 11. Bf4 0-0 12. Qd2 d5 13. exd5 Nxd5 14. Bh6 Bxh6 15. Qxh6 Bxf3 16. Bxf3 Ne5 17. Bg2 d3 18. Rae1 Re8 19. Re4 Nf6 20. Rh4 Rc8 21. Nc3 Neg4 22. Qd2 Qd7 23. Rd1 Rcd8 24. h3 Re2 25. Qg5 h6 26. Rxh6 Nxh6 27. Qxf6 Re6 28. Qf4 Nf5 29. Nd5 Qd6 30. Qg5 Rde8 31. Rxd3 Qe5 32. Rd2 Qe1+ 33. Kh2 Ne3 34. fxe3 Qxd2 35. Nf6+ Rxf6 36. Qxf6 Rxe3 0-1

[Event "HUN-chT 2223"]
[Site "Hungary"]
[Date "2023.04.23"]
[Round "9.7"]
[White "Flumbort, Andras"]
[Black "Tatar Kis, Szabolcs"]
[Result "1/2-1/2"]
[WhiteElo "2457"]
[BlackElo "2353"]
[PlyCount "62"]
[EventDate "2022.11.20"]
[EventType "team-tourn"]
[EventRounds "9"]
[EventCountry "HUN"]
[SourceTitle "EXT 2024"]
[Source "ChessBase"]
[SourceDate "2023.10.10"]
[SourceVersion "1"]
[SourceVersionDate "2023.10.10"]
[SourceQuality "1"]
[WhiteTeam "Dunaharaszti"]
[BlackTeam "Mako Duocor"]
[WhiteTeamCountry "HUN"]
[BlackTeamCountry "HUN"]

1. d4 Nf6 2. c4 g6 3. Nc3 Bg7 4. Nf3 0-0 5. g3 d6 6. Bg2 Nbd7 7. 0-0 e5 8. e4 c6 9. h3 Qa5 10. Re1 exd4 11. Nxd4 Ne5 12. Bf1 Qb6 13. Kg2 c5 14. Nf3 Nxf3 15. Qxf3 Be6 16. Qd3 Rfe8 17. Rb1 Nd7 18. Nd5 Qc6 19. Bg5 f6 20. Bf4 f5 21. Rbd1 Bd4 22. Qf3 Bxd5 23. cxd5 fxe4 24. Rxe4 Qc7 25. b4 b6 26. Bb5 Rxe4 27. Qxe4 Ne5 28. h4 Rf8 29. Be2 Qf7 30. Rf1 Re8 31. Bb5 Nd7 1/2-1/2

[Event "HUN-chT 2223"]
[Site "Hungary"]
[Date "2022.12.18"]
[Round "3.7"]
[White "Flumbort, Andras"]
[Black "Popovic, Dusan"]
[Result "1/2-1/2"]
[WhiteElo "2457"]
[BlackElo "2494"]
[PlyCount "66"]
[EventDate "2022.11.20"]
[EventType "team-tourn"]
[EventRounds "9"]
[EventCountry "HUN"]
[SourceTitle "CBM 213 Extra"]
[Source "ChessBase"]
[SourceDate "2023.05.31"]
[SourceVersion "1"]
[SourceVersionDate "2023.05.31"]
[SourceQuality "1"]
[WhiteTeam "Dunaharaszti"]
[BlackTeam "Paks"]
[WhiteTeamCountry "HUN"]
[BlackTeamCountry "HUN"]

1. d4 Nf6 2. c4 g6 3. Nc3 Bg7 4. e4 d6 5. Nf3 0-0 6. Be2 e5 7. 0-0 Bg4 8. dxe5 Bxf3 9. Bxf3 dxe5 10. Qxd8 Rxd8 11. Bg5 c6 12. Rfd1 Nbd7 13. b4 Nf8 14. Be3 Rxd1+ 15. Rxd1 Ne6 16. Na4 b6 17. c5 b5 18. Nb2 h5 19. h3 a5 20. a3 axb4 21. axb4 Ra3 22. Nd3 Nd7 23. g4 Nd4 24. Bxd4 exd4 25. gxh5 Ne5 26. Nxe5 Bxe5 27. Bg4 gxh5 28. Bd7 Ra6 29. Kg2 Kf8 30. f4 Bxf4 31. Rxd4 Be5 32. Rd3 Ke7 33. Kf3 Kf6 1/2-1/2

[Event "HUN-chT 2122"]
[Site "Hungary"]
[Date "2021.12.19"]
[Round "4.4"]
[White "Kantor, Gergely"]
[Black "Flumbort, Andras"]
[Result "1/2-1/2"]
[WhiteElo "2566"]
[BlackElo "2442"]
[PlyCount "60"]
[EventDate "2021.10.10"]
[EventType "team-tourn"]
[EventRounds "9"]
[EventCountry "HUN"]
[SourceTitle "EXT 2023"]
[Source "ChessBase"]
[SourceDate "2022.10.05"]
[SourceVersion "1"]
[SourceVersionDate "2022.10.05"]
[SourceQuality "1"]
[WhiteTeam "Tungsram ANSK"]
[BlackTeam "Dunaharaszti"]
[WhiteTeamCountry "HUN"]
[BlackTeamCountry "HUN"]

1. d4 d5 2. c4 c6 3. Nf3 Nf6 4. Nc3 dxc4 5. a4 Bf5 6. Ne5 Nbd7 7. Nxc4 Qc7 8. g3 e5 9. dxe5 Nxe5 10. Bf4 Nfd7 11. Qc1 Be6 12. Nxe5 Nxe5 13. Bg2 f6 14. 0-0 Rd8 15. a5 a6 16. Ra4 Be7 17. Qe3 0-0 18. Rc1 Kh8 19. h4 Bb3 20. Raa1 Bb4 21. h5 Bxa5 22. h6 Bb6 23. hxg7+ Kxg7 24. Bh6+ Kh8 25. Qf4 Rf7 26. Ne4 Qe7 27. Ra3 Bd5 28. Ra4 Rg8 29. Nc3 Be6 30. Qh4 Ng4 1/2-1/2

[Event "HUN-chT 1920"]
[Site "Hungary"]
[Date "2020.09.13"]
[Round "9.4"]
[White "Flumbort, Andras"]
[Black "Kovacs, Gabor H"]
[Result "1/2-1/2"]
[WhiteElo "2457"]
[BlackElo "2457"]
[PlyCount "25"]
[EventDate "2019.11.16"]
[EventType "team-tourn"]
[EventRounds "9"]
[EventCountry "HUN"]
[SourceTitle "EXT 2021"]
[Source "ChessBase"]
[SourceDate "2020.10.23"]
[SourceVersion "1"]
[SourceVersionDate "2020.10.23"]
[SourceQuality "1"]
[WhiteTeam "Dunaharaszti"]
[BlackTeam "HVSE Infraplan"]
[WhiteTeamCountry "HUN"]
[BlackTeamCountry "HUN"]

1. d4 d5 2. c4 e6 3. Nf3 Nf6 4. g3 Be7 5. Bg2 0-0 6. 0-0 dxc4 7. Qa4 a6 8. Qxc4 b5 9. Qc2 Bb7 10. Bg5 Nbd7 11. Bxf6 Nxf6 12. Nbd2 Rc8 13. Nb3 1/2-1/2

[Event "HUN-chT 1920"]
[Site "Hungary"]
[Date "2019.12.15"]
[Round "4.6"]
[White "Nagy, Gabor"]
[Black "Flumbort, Andras"]
[Result "1/2-1/2"]
[WhiteElo "2489"]
[BlackElo "2457"]
[PlyCount "61"]
[EventDate "2019.11.16"]
[EventType "team-tourn"]
[EventRounds "9"]
[EventCountry "HUN"]
[SourceTitle "CBM 193 Extra"]
[Source "ChessBase"]
[SourceDate "2020.01.31"]
[SourceVersion "1"]
[SourceVersionDate "2020.01.31"]
[SourceQuality "1"]
[WhiteTeam "Kobanya Aquarena"]
[BlackTeam "Dunaharaszti"]
[WhiteTeamCountry "HUN"]
[BlackTeamCountry "HUN"]

1. c4 c5 2. Nf3 Nc6 3. Nc3 e5 4. e3 Nf6 5. d4 e4 6. Ne5 g6 7. g4 h6 8. Bg2 Bg7 9. h4 Qe7 10. g5 hxg5 11. hxg5 Rxh1+ 12. Bxh1 Nh5 13. Nd5 Qxg5 14. Nc7+ Kf8 15. Nxa8 cxd4 16. exd4 Qg1+ 17. Kd2 Qxf2+ 18. Kc3 Ng3 19. Nxc6 dxc6 20. Kb3 e3 21. Qf3 Nxh1 22. Qxe3 Qf1 23. Nc7 Bd7 24. a3 Nf2 25. Qg5 Qd3+ 26. Ka2 Qxc4+ 27. b3 Qe2+ 28. Bb2 Qe7 29. Qd2 Ne4 30. Qa5 Bf5 31. Re1 1/2-1/2

[Event "HUN-chT 1920"]
[Site "Hungary"]
[Date "2019.11.16"]
[Round "1.5"]
[White "Flumbort, Andras"]
[Black "Feher, Adam"]
[Result "0-1"]
[WhiteElo "2457"]
[BlackElo "2367"]
[PlyCount "96"]
[EventDate "2019.11.16"]
[EventType "team-tourn"]
[EventRounds "9"]
[EventCountry "HUN"]
[SourceTitle "CBM 193 Extra"]
[Source "ChessBase"]
[SourceDate "2020.01.31"]
[SourceVersion "1"]
[SourceVersionDate "2020.01.31"]
[SourceQuality "1"]
[WhiteTeam "Dunaharaszti"]
[BlackTeam "Budapest MTK"]
[WhiteTeamCountry "HUN"]
[BlackTeamCountry "HUN"]

1. d4 d5 2. c4 c6 3. Nf3 Nf6 4. Nc3 e6 5. Bg5 h6 6. Bh4 dxc4 7. e4 g5 8. Bg3 b5 9. Be2 Bb7 10. Ne5 Nbd7 11. 0-0 h5 12. Nxd7 Qxd7 13. Be5 Rh6 14. Qc1 Rg6 15. Rd1 Qe7 16. b3 Nd7 17. bxc4 b4 18. Na4 Nxe5 19. dxe5 Bg7 20. Qe3 Bxe5 21. Rab1 Rg8 22. Nc5 Bc8 23. Rxb4 g4 24. Nd3 Bc7 25. e5 a5 26. Rbb1 Rb8 27. Rxb8 Bxb8 28. Rb1 Ba7 29. Qe4 Kf8 30. Qxc6 Kg7 31. c5 Rd8 32. Qb5 Qc7 33. Rc1 Rd5 34. Qc4 Qd8 35. c6 Rd4 36. Qc3 Qd5 37. Qb3 Qe4 38. Bf1 h4 39. g3 h3 40. Re1 Qxc6 41. Rc1 Qf3 42. Nc5 Qf5 43. Qe3 Bxc5 44. Rxc5 Bb7 45. Rc7 Bd5 46. Rc8 Rd1 47. Qa3 Qxe5 48. Qf8+ Kg6 0-1

[Event "HUN-chT 1819"]
[Site "Hungary"]
[Date "2019.02.10"]
[Round "5.2"]
[White "Flumbort, Andras"]
[Black "Izsak, Gyula"]
[Result "1-0"]
[WhiteElo "2436"]
[BlackElo "2425"]
[PlyCount "59"]
[EventDate "2018.11.17"]
[EventType "team-tourn"]
[EventRounds "9"]
[EventCountry "HUN"]
[SourceTitle "CBM 188 Extra"]
[Source "ChessBase"]
[SourceDate "2019.02.26"]
[SourceVersion "1"]
[SourceVersionDate "2019.02.26"]
[SourceQuality "1"]
[WhiteTeam "Dunaharaszti"]
[BlackTeam "Kobanya Aquarena"]
[WhiteTeamCountry "HUN"]
[BlackTeamCountry "HUN"]

1. d4 d5 2. c4 e6 3. Nc3 Nf6 4. Nf3 Be7 5. Qc2 Nbd7 6. cxd5 exd5 7. Bg5 c6 8. e3 0-0 9. Bd3 Re8 10. 0-0 Nf8 11. h3 Ng6 12. Bxf6 Bxf6 13. b4 Qd6 14. Rab1 Bd7 15. Rfc1 a6 16. Na4 Be7 17. Nb6 Rad8 18. Nxd7 Rxd7 19. a4 Rc7 20. b5 axb5 21. axb5 Bd8 22. Bxg6 hxg6 23. bxc6 Rxc6 24. Qa4 Re7 25. Rxc6 bxc6 26. Rc1 Re6 27. Ne5 c5 28. Rxc5 f6 29. Nxg6 Qb6 30. Nf4 1-0

[Event "AUT-chT2M 1819"]
[Site "Austria"]
[Date "2018.11.24"]
[Round "4.1"]
[White "Kociscak, Jiri"]
[Black "Flumbort, Andras"]
[Result "1/2-1/2"]
[WhiteElo "2487"]
[BlackElo "2436"]
[PlyCount "97"]
[EventDate "2018.10.19"]
[EventType "team-tourn"]
[EventRounds "11"]
[EventCountry "AUT"]
[SourceTitle "CBM 187 Extra"]
[Source "ChessBase"]
[SourceDate "2018.11.04"]
[SourceVersion "1"]
[SourceVersionDate "2018.11.04"]
[SourceQuality "1"]
[WhiteTeam "Steyregg"]
[BlackTeam "St Valentin"]
[WhiteTeamCountry "AUT"]
[BlackTeamCountry "AUT"]

1. d4 Nf6 2. c4 g6 3. Nf3 Bg7 4. g3 0-0 5. Bg2 c6 6. 0-0 d5 7. Nbd2 a5 8. e3 a4 9. Qe2 Bf5 10. h3 Ne4 11. Rd1 Nxd2 12. Bxd2 Be4 13. Bc3 dxc4 14. Qxc4 Qd5 15. Qxd5 Bxd5 16. Re1 Be4 17. Rac1 Na6 18. Nd2 Bxg2 19. Kxg2 Nc7 20. Bb4 Rfe8 21. Nc4 Nd5 22. Bc5 Ra6 23. e4 Nc7 24. Red1 Nb5 25. Kf3 Kf8 26. Ke3 Rb8 27. Nb6 Ke8 28. Rc4 a3 29. b3 Rd8 30. Rd3 e5 31. dxe5 Bxe5 32. Rxd8+ Kxd8 33. Rc2 Bc7 34. Rd2+ Ke8 35. Nd7 Bd8 36. Ne5 f6 37. Nc4 Bc7 38. Bd6 Bxd6 39. Nxd6+ Nxd6 40. Rxd6 Ke7 41. Rd3 Ra5 42. Kd4 f5 43. exf5 Rxf5 44. f4 Rh5 45. g4 Rd5+ 46. Kc4 b5+ 47. Kc3 Rxd3+ 48. Kxd3 c5 49. b4 1/2-1/2

[Event "HUN-chT 1718"]
[Site "Hungary"]
[Date "2018.02.18"]
[Round "6.5"]
[White "Acs, Peter"]
[Black "Flumbort, Andras"]
[Result "1-0"]
[WhiteElo "2588"]
[BlackElo "2435"]
[PlyCount "69"]
[EventDate "2017.11.25"]
[EventType "team-tourn"]
[EventRounds "9"]
[EventCountry "HUN"]
[SourceTitle "EXT 2019"]
[Source "ChessBase"]
[SourceDate "2018.10.10"]
[SourceVersion "1"]
[SourceVersionDate "2018.10.10"]
[SourceQuality "1"]
[WhiteTeam "Paks"]
[BlackTeam "Dunaharaszti"]
[WhiteTeamCountry "HUN"]
[BlackTeamCountry "HUN"]

1. e4 c5 2. Nf3 Nc6 3. Bb5 g6 4. 0-0 Bg7 5. Re1 Nf6 6. Nc3 0-0 7. e5 Ne8 8. Bxc6 dxc6 9. d3 Bg4 10. Be3 Bxe5 11. Bxc5 Bf6 12. h3 Bxf3 13. Qxf3 Nd6 14. g4 Rc8 15. a4 b6 16. Be3 Bg7 17. a5 Nb5 18. Nxb5 cxb5 19. axb6 axb6 20. Re2 b4 21. Ra6 Bxb2 22. Rxb6 Bc3 23. Rb7 Re8 24. Kg2 Qd6 25. Bf4 Qc5 26. Bg3 Kf8 27. Re6 Kg8 28. Bd6 fxe6 29. Bxc5 Rxc5 30. Qe4 e5 31. h4 Bd4 32. f4 Rxc2+ 33. Kh3 Rf8 34. Rxe7 Rxf4 35. Qd5+ 1-0

[Event "HUN-chT 1718"]
[Site "Hungary"]
[Date "2018.01.28"]
[Round "5.4"]
[White "Flumbort, Andras"]
[Black "Erdos, Viktor"]
[Result "1/2-1/2"]
[WhiteElo "2435"]
[BlackElo "2622"]
[PlyCount "31"]
[EventDate "2017.11.25"]
[EventType "team-tourn"]
[EventRounds "9"]
[EventCountry "HUN"]
[SourceTitle "EXT 2019"]
[Source "ChessBase"]
[SourceDate "2018.10.10"]
[SourceVersion "1"]
[SourceVersionDate "2018.10.10"]
[SourceQuality "1"]
[WhiteTeam "Dunaharaszti"]
[BlackTeam "Aquaprofit"]
[WhiteTeamCountry "HUN"]
[BlackTeamCountry "HUN"]

1. d4 d5 2. c4 e6 3. Nf3 Nf6 4. Nc3 a6 5. cxd5 exd5 6. Bg5 Be6 7. e3 Nbd7 8. Bd3 Bd6 9. 0-0 c6 10. Bf4 Qc7 11. Bxd6 Qxd6 12. h3 h6 13. Qc2 0-0 14. a3 Rfe8 15. Rfe1 Re7 16. b4 1/2-1/2

[Event "HUN-chT 1718"]
[Site "Hungary"]
[Date "2017.12.17"]
[Round "4.6"]
[White "Kovacs, Gabor H"]
[Black "Flumbort, Andras"]
[Result "1/2-1/2"]
[WhiteElo "2463"]
[BlackElo "2435"]
[PlyCount "40"]
[EventDate "2017.11.25"]
[EventType "team-tourn"]
[EventRounds "9"]
[EventCountry "HUN"]
[SourceTitle "EXT 2019"]
[Source "ChessBase"]
[SourceDate "2018.10.10"]
[SourceVersion "1"]
[SourceVersionDate "2018.10.10"]
[SourceQuality "1"]
[WhiteTeam "HVSE Infraplan"]
[BlackTeam "Dunaharaszti"]
[WhiteTeamCountry "HUN"]
[BlackTeamCountry "HUN"]

1. d4 d5 2. c4 c6 3. Nf3 Nf6 4. cxd5 cxd5 5. Nc3 Nc6 6. Bf4 Bf5 7. e3 e6 8. Bd3 Bxd3 9. Qxd3 Bd6 10. Bxd6 Qxd6 11. 0-0 0-0 12. Rac1 Rac8 13. a3 a6 14. Rc2 Rc7 15. Rfc1 Rfc8 16. h3 h6 17. Na4 Na5 18. Ne5 b5 19. Rxc7 Rxc7 20. Rxc7 Qxc7 1/2-1/2

[Event "HUN-chT 1718"]
[Site "Hungary"]
[Date "2017.11.26"]
[Round "2.4"]
[White "Kuljasevic, Davorin"]
[Black "Flumbort, Andras"]
[Result "1-0"]
[WhiteElo "2555"]
[BlackElo "2435"]
[PlyCount "83"]
[EventDate "2017.11.25"]
[EventType "team-tourn"]
[EventRounds "9"]
[EventCountry "HUN"]
[SourceTitle "CBM 181 Extra"]
[Source "ChessBase"]
[SourceDate "2017.12.12"]
[SourceVersion "1"]
[SourceVersionDate "2017.12.12"]
[SourceQuality "1"]
[WhiteTeam "Penzugyor"]
[BlackTeam "Dunaharaszti"]
[WhiteTeamCountry "HUN"]
[BlackTeamCountry "HUN"]

1. d4 d5 2. c4 c6 3. Nf3 Nf6 4. Nc3 dxc4 5. a4 Bf5 6. Ne5 Nbd7 7. Nxc4 Qc7 8. g3 e5 9. dxe5 Nxe5 10. Bf4 Nfd7 11. Bg2 g5 12. Ne3 gxf4 13. Nxf5 0-0-0 14. Qc2 fxg3 15. hxg3 a5 16. 0-0-0 Bb4 17. Ne4 Kb8 18. f4 Ng4 19. Bf3 Ngf6 20. Nxf6 Nxf6 21. e4 Nd7 22. e5 Nc5 23. Bh5 Rdf8 24. Nd6 Rhg8 25. Rhg1 Qe7 26. Kb1 f6 27. Nc4 fxe5 28. Nxe5 Rg7 29. Be2 Qe6 30. Rd4 Qf5 31. Bd3 Nxd3 32. Rxd3 Ka7 33. Rgd1 Rgg8 34. Ka1 Qe4 35. Qf2+ c5 36. Re3 Qf5 37. Rd7 Ka8 38. Qf3 Rb8 39. Red3 Rge8 40. g4 Qf6 41. R3d6 Re6 42. Qd5 1-0

[Event "HUN-chT 1617"]
[Site "Hungary"]
[Date "2017.04.09"]
[Round "9.11"]
[White "Medvegy, Nora"]
[Black "Flumbort, Andras"]
[Result "1/2-1/2"]
[WhiteElo "2361"]
[BlackElo "2446"]
[PlyCount "30"]
[EventDate "2016.10.30"]
[EventType "team-tourn"]
[EventRounds "9"]
[EventCountry "HUN"]
[SourceTitle "EXT 2018"]
[Source "ChessBase"]
[SourceDate "2017.10.13"]
[SourceVersion "1"]
[SourceVersionDate "2017.10.13"]
[SourceQuality "1"]
[WhiteTeam "DVTK"]
[BlackTeam "Aquaprofit"]
[WhiteTeamCountry "HUN"]
[BlackTeamCountry "HUN"]

1. e4 c6 2. Nc3 d5 3. Nf3 dxe4 4. Nxe4 Nf6 5. Nxf6+ exf6 6. Bc4 Bd6 7. Qe2+ Qe7 8. Qxe7+ Kxe7 9. 0-0 Be6 10. Re1 Kd7 11. Bf1 c5 12. d4 Nc6 13. Be3 cxd4 14. Nxd4 Nxd4 15. Bxd4 Rhc8 1/2-1/2

[Event "HUN-chT 1617"]
[Site "Hungary"]
[Date "2016.11.13"]
[Round "2.11"]
[White "Flumbort, Andras"]
[Black "Farkas, Richard"]
[Result "1-0"]
[WhiteElo "2446"]
[BlackElo "2299"]
[PlyCount "115"]
[EventDate "2016.10.30"]
[EventType "team-tourn"]
[EventRounds "9"]
[EventCountry "HUN"]
[SourceTitle "CBM 175 Extra"]
[Source "ChessBase"]
[SourceDate "2016.12.12"]
[SourceVersion "1"]
[SourceVersionDate "2016.12.12"]
[SourceQuality "1"]
[WhiteTeam "Aquaprofit"]
[BlackTeam "Kobanya Aquarena"]
[WhiteTeamCountry "HUN"]
[BlackTeamCountry "HUN"]

1. c4 c5 2. Nf3 Nc6 3. d4 cxd4 4. Nxd4 g6 5. e4 Bg7 6. Be3 Nf6 7. Nc3 d6 8. Be2 0-0 9. 0-0 Bd7 10. Qd2 Nxd4 11. Bxd4 Bc6 12. f3 Nd7 13. Be3 a5 14. b3 Nc5 15. Rab1 Qb6 16. Rfc1 Rfc8 17. Rc2 Qd8 18. Bf1 h5 19. Kh1 Kh7 20. Re1 Qf8 21. Nd5 Bxd5 22. exd5 Bf6 23. g3 Rc7 24. Bf2 Qc8 25. Qf4 g5 26. Qd2 Kg7 27. f4 g4 28. Rcc1 Qf5 29. Qc2 Qxc2 30. Rxc2 Ra6 31. h3 gxh3 32. Kh2 Rb6 33. Rb1 Rc8 34. Kxh3 Ra8 35. Be2 Kg6 36. Kg2 Rh8 37. Rcc1 h4 38. g4 h3+ 39. Kh2 e5 40. dxe6 fxe6 41. Rd1 Bc3 42. Rd3 Bf6 43. Rbd1 Be7 44. Rxh3 Rxh3+ 45. Kxh3 a4 46. Bd3+ Kf7 47. Bc2 axb3 48. axb3 Ra6 49. Bxc5 dxc5 50. Rd7 Rb6 51. g5 Ke8 52. g6 Kxd7 53. g7 Rd6 54. g8Q Rd4 55. Qb8 Bd6 56. Qxb7+ Kd8 57. f5 exf5 58. Bxf5 1-0

[Event "HUN-chT 1617"]
[Site "Hungary"]
[Date "2016.10.30"]
[Round "1.11"]
[White "Peczely, Sebastian Zsombor"]
[Black "Flumbort, Andras"]
[Result "0-1"]
[WhiteElo "2212"]
[BlackElo "2446"]
[PlyCount "70"]
[EventDate "2016.10.30"]
[EventType "team-tourn"]
[EventRounds "9"]
[EventCountry "HUN"]
[SourceTitle "CBM 175 Extra"]
[Source "ChessBase"]
[SourceDate "2016.12.12"]
[SourceVersion "1"]
[SourceVersionDate "2016.12.12"]
[SourceQuality "1"]
[WhiteTeam "Mako Duocor"]
[BlackTeam "Aquaprofit"]
[WhiteTeamCountry "HUN"]
[BlackTeamCountry "HUN"]

1. e4 c6 2. d4 d5 3. exd5 cxd5 4. c4 Nf6 5. Nc3 g6 6. cxd5 Nxd5 7. Bc4 Nb6 8. Bb3 Bg7 9. Nge2 Nc6 10. Be3 Na5 11. 0-0 0-0 12. d5 Nbc4 13. Bxc4 Nxc4 14. Qd3 Nxe3 15. Qxe3 Bd7 16. Rad1 Re8 17. Rfe1 Qa5 18. b4 Qa3 19. Rb1 Rac8 20. Rb3 Qa6 21. Ne4 Qxa2 22. Nc5 Bb5 23. Nc3 Qxb3 24. Nxb3 Rxc3 25. Qxa7 Rxb3 26. Qxb7 Rxb4 27. h3 Bf8 28. d6 e6 29. Rd1 Rd8 30. Qc7 Rd7 31. Qc8 Rc4 32. Qb8 Ba4 33. Rd2 Rc1+ 34. Kh2 Rd1 35. Rb2 Kg7 0-1

[Event "AUT-chT 1617"]
[Site "Austria"]
[Date "2016.10.23"]
[Round "4.2"]
[White "Flumbort, Andras"]
[Black "Krassowizkij, Jaroslaw"]
[Result "1/2-1/2"]
[WhiteElo "2446"]
[BlackElo "2438"]
[PlyCount "60"]
[EventDate "2016.10.20"]
[EventType "team-tourn"]
[EventRounds "11"]
[EventCountry "AUT"]
[SourceTitle "CBM 175 Extra"]
[Source "ChessBase"]
[SourceDate "2016.12.12"]
[SourceVersion "1"]
[SourceVersionDate "2016.12.12"]
[SourceQuality "1"]
[WhiteTeam "St Valentin"]
[BlackTeam "Goetzis"]
[WhiteTeamCountry "AUT"]
[BlackTeamCountry "AUT"]

1. Nf3 d5 2. d4 Nf6 3. c4 dxc4 4. e3 e6 5. Bxc4 c5 6. 0-0 a6 7. Bb3 Be7 8. Nc3 0-0 9. Qe2 cxd4 10. Rd1 Nc6 11. Nxd4 Qc7 12. Nxc6 Qxc6 13. e4 b5 14. Bg5 h6 15. Bh4 Bb7 16. Rac1 Qe8 17. Bg3 Rd8 18. Rxd8 Qxd8 19. Rd1 Qa8 20. f3 Bc5+ 21. Bf2 Bxf2+ 22. Qxf2 Rd8 23. Rd4 Qc8 24. Qe3 Rxd4 25. Qxd4 Nd7 26. Kf2 e5 27. Qd6 Qc5+ 28. Qxc5 Nxc5 29. Bc2 Ne6 30. Ke3 Kf8 1/2-1/2

[Event "AUT-chT 1617"]
[Site "Austria"]
[Date "2016.10.20"]
[Round "1.2"]
[White "Flumbort, Andras"]
[Black "Henrichs, Thomas"]
[Result "1/2-1/2"]
[WhiteElo "2446"]
[BlackElo "2475"]
[PlyCount "48"]
[EventDate "2016.10.20"]
[EventType "team-tourn"]
[EventRounds "11"]
[EventCountry "AUT"]
[SourceTitle "CBM 175 Extra"]
[Source "ChessBase"]
[SourceDate "2016.12.12"]
[SourceVersion "1"]
[SourceVersionDate "2016.12.12"]
[SourceQuality "1"]
[WhiteTeam "St Valentin"]
[BlackTeam "Bregenz"]
[WhiteTeamCountry "AUT"]
[BlackTeamCountry "AUT"]

1. Nf3 c5 2. c4 Nf6 3. Nc3 e6 4. g3 b6 5. Bg2 Bb7 6. 0-0 Be7 7. d4 cxd4 8. Qxd4 d6 9. Rd1 a6 10. Bg5 Nbd7 11. Rac1 0-0 12. b3 Qc7 13. Qe3 Rfe8 14. Nd4 Bxg2 15. Kxg2 Rac8 16. a4 h6 17. Bxf6 Nxf6 18. Qf3 Nd7 19. Kg1 Bf8 20. h4 Ne5 21. Qe3 Ng4 22. Qf3 Ne5 23. Qe3 Ng4 24. Qf3 Ne5 1/2-1/2

[Event "Budapest Sarkany GM 7th"]
[Site "Budapest"]
[Date "2016.08.22"]
[Round "3"]
[White "Vucinic, Gojko"]
[Black "Flumbort, Andras"]
[Result "1-0"]
[WhiteElo "2399"]
[BlackElo "2460"]
[PlyCount "57"]
[EventDate "2016.08.19"]
[EventType "tourn"]
[EventRounds "9"]
[EventCountry "HUN"]
[EventCategory "9"]
[SourceTitle "CBM 174 Extra"]
[Source "ChessBase"]
[SourceDate "2016.10.10"]
[SourceVersion "1"]
[SourceVersionDate "2016.10.10"]
[SourceQuality "1"]

1. e4 c5 2. Nf3 d6 3. d4 cxd4 4. Nxd4 Nf6 5. Nc3 e6 6. g4 a6 7. g5 Nfd7 8. Be3 b5 9. a3 Bb7 10. h4 Nb6 11. Bg2 N8d7 12. h5 Ne5 13. f4 Nbc4 14. Bc1 Nc6 15. Nxc6 Bxc6 16. b3 Nb6 17. Bb2 e5 18. Qg4 Bd7 19. Qf3 exf4 20. 0-0-0 Qxg5 21. e5 d5 22. Nxd5 Nxd5 23. Qxd5 Rd8 24. Bf3 Be7 25. Rhg1 Qf5 26. Bg4 Qxg4 27. Rxg4 Bxg4 28. Qc6+ Bd7 29. Qb7 1-0

[Event "Budapest Sarkany GM 7th"]
[Site "Budapest"]
[Date "2016.08.21"]
[Round "2"]
[White "Flumbort, Andras"]
[Black "Kantsler, Boris"]
[Result "1/2-1/2"]
[WhiteElo "2460"]
[BlackElo "2394"]
[PlyCount "26"]
[EventDate "2016.08.19"]
[EventType "tourn"]
[EventRounds "9"]
[EventCountry "HUN"]
[EventCategory "9"]
[SourceTitle "CBM 174 Extra"]
[Source "ChessBase"]
[SourceDate "2016.10.10"]
[SourceVersion "1"]
[SourceVersionDate "2016.10.10"]
[SourceQuality "1"]

1. d4 Nf6 2. c4 g6 3. Nc3 Bg7 4. e4 d6 5. Nf3 0-0 6. Be2 c5 7. 0-0 cxd4 8. Nxd4 Nc6 9. Be3 Bd7 10. Qd2 Nxd4 11. Bxd4 Bc6 12. f3 a5 13. b3 Nd7 1/2-1/2

[Event "HUN-chT 1516"]
[Site "Hungary"]
[Date "2016.04.17"]
[Round "9.11"]
[White "Flumbort, Andras"]
[Black "Peczely, Sebastian Zsombor"]
[Result "1/2-1/2"]
[WhiteElo "2463"]
[BlackElo "2242"]
[PlyCount "33"]
[EventDate "2015.11.07"]
[EventType "team-tourn"]
[EventRounds "11"]
[EventCountry "HUN"]
[SourceTitle "CBM 171 Extra"]
[Source "ChessBase"]
[SourceDate "2016.04.26"]
[SourceVersion "1"]
[SourceVersionDate "2016.04.26"]
[SourceQuality "1"]
[WhiteTeam "Aquaprofit"]
[BlackTeam "Mako"]
[WhiteTeamCountry "HUN"]
[BlackTeamCountry "HUN"]

1. d4 d5 2. c4 c6 3. Nf3 Nf6 4. Nc3 e6 5. Bg5 dxc4 6. e4 b5 7. e5 h6 8. Bh4 g5 9. Nxg5 hxg5 10. Bxg5 Be7 11. exf6 Bxf6 12. Bxf6 Qxf6 13. g3 Na6 14. Bg2 Bb7 15. a4 0-0-0 16. axb5 cxb5 17. Bxb7+ 1/2-1/2